Medzinárodné účtovníctvo a jeho význam v multinacionálnych spoločnostiach

Salvato in:
Dettagli Bibliografici
Autore principale: Surový, Vladimír
Natura: Capitolo di libro
Lingua:slovacco
Tags: Aggiungi Tag
Nessun Tag, puoi essere il primo ad aggiungerne!!

MARC

LEADER 00000naa$a2200000$$$4500
001 0062217
005 20240502071712.0
041 0 |a slo 
044 |a SK 
245 1 0 |a Medzinárodné účtovníctvo a jeho význam v multinacionálnych spoločnostiach  |c Vladimír Surový 
100 1 |a Surový, Vladimír